LEADER 03083nam 2200589 450 001 996466667103316 005 20220917095755.0 010 $a3-540-47909-0 024 7 $a10.1007/BFb0084727 035 $a(CKB)1000000000437152 035 $a(SSID)ssj0000321390 035 $a(PQKBManifestationID)12068488 035 $a(PQKBTitleCode)TC0000321390 035 $a(PQKBWorkID)10279841 035 $a(PQKB)10301816 035 $a(DE-He213)978-3-540-47909-3 035 $a(MiAaPQ)EBC5585650 035 $a(Au-PeEL)EBL5585650 035 $a(OCoLC)1066192699 035 $a(MiAaPQ)EBC6873237 035 $a(Au-PeEL)EBL6873237 035 $a(PPN)155164368 035 $a(EXLCZ)991000000000437152 100 $a20220917d1993 uy 0 101 0 $aeng 135 $aurnn|008mamaa 181 $ctxt 182 $cc 183 $acr 200 00$aArithmetic algebraic geometry $electures given at the 2nd session of the Centro Internazionale Matematico Estivo (C. I. M. E. ) held in Trento, Italy, June 24-July 2 1991 /$fEdoardo Ballico [and three others], editors 205 $a1st ed. 1993. 210 1$aBerlin ;$aHeidelberg :$cSpringer-Verlag,$d[1993] 210 4$d©1993 215 $a1 online resource (X, 226 p.) 225 1 $aLecture Notes in Mathematics ;$vVolume 1553 300 $aBibliographic Level Mode of Issuance: Monograph 311 $a3-540-57110-8 327 $aCycles algébriques de torsion et K-théorie algébrique Cours au C.I.M.E., juin 1991 -- Lectures on the approach to Iwasawa theory for Hasse-Weil L-functions via BdR. Part I -- Applications of arithmetic algebraic geometry to diophantine approximations -- Arithmetic algebraic geometry, Trento, Italy 1991. 330 $aThis volume contains three long lecture series by J.L. Colliot-Thelene, Kazuya Kato and P. Vojta. Their topics are respectively the connection between algebraic K-theory and the torsion algebraic cycles on an algebraic variety, a new approach to Iwasawa theory for Hasse-Weil L-function, and the applications of arithemetic geometry to Diophantine approximation. They contain many new results at a very advanced level, but also surveys of the state of the art on the subject with complete, detailed profs and a lot of background. Hence they can be useful to readers with very different background and experience. CONTENTS: J.L. Colliot-Thelene: Cycles algebriques de torsion et K-theorie algebrique.- K. Kato: Lectures on the approach to Iwasawa theory for Hasse-Weil L-functions.- P. Vojta: Applications of arithmetic algebraic geometry to diophantine approximations. 410 0$aLecture notes in mathematics (Springer-Verlag) ;$vVolume 1553. 606 $aGeometry, Algebraic$vCongresses 615 0$aGeometry, Algebraic 676 $a516.35 702 $aBallico$b E$g(Edoardo),$f1955- 712 02$aCentro internazionale matematico estivo. 801 0$bMiAaPQ 801 1$bMiAaPQ 801 2$bMiAaPQ 906 $aBOOK 912 $a996466667103316 996 $aArithmetic algebraic geometry$9376396 997 $aUNISA LEADER 03036 am 2200757 n 450 001 9910495987603321 005 20201117 010 $a979-1-03-655620-3 024 7 $a10.4000/books.ifp.8872 035 $a(CKB)4100000011980512 035 $a(FrMaCLE)OB-ifp-8872 035 $a(oapen)https://directory.doabooks.org/handle/20.500.12854/85409 035 $a(PPN)257366377 035 $a(EXLCZ)994100000011980512 100 $a20210720j|||||||| ||| 0 101 0 $afre 135 $auu||||||m|||| 181 $ctxt$2rdacontent 182 $cc$2rdamedia 183 $acr$2rdacarrier 200 10$aInde-France (1870-1962) : Enjeux Culturels /$fSamuel Berthet 210 $aPondichéry $cInstitut Français de Pondichéry$d2020 215 $a1 online resource (684 p.) 225 1 $aCollection Sciences Sociales 311 $a81-8470-144-6 330 $aAu début du XIXe siècle, les élites indiennes voient dans la culture française un vecteur décisif de la culture moderne. À partir des années 1870, les tentatives des autorités britanniques pour juguler l?émancipation des élites indiennes ne vont qu?accroître leur intérêt. Si l?émancipation de la tutelle coloniale britannique rapproche les élites indiennes de la France, la Troisième République engage la nation dans l?aventure coloniale. Les dynamiques politiques, économiques mais aussi culturelles s?en trouvent affectées. La solidarité avec l?allié britannique empêche les dirigeants français de jouer ce rôle de partenaire souhaité par les futurs dirigeants indiens. Au moment de l?indépendance de l?Inde, la perception de la jeune nation et des enjeux des relations entre les deux pays resteront largement tributaires du projet colonial et de ses développements. 517 $aInde-France 606 $aHistory 606 $aindianisme 606 $adiplomatie 606 $anationalisme 606 $acolonialisme 606 $acolonie 606 $aindépendance de l?Inde 606 $arelations internationales 606 $arelations culturelles 606 $adiplomacy 606 $aIndology 606 $acolonialism 606 $ainternational relations 606 $acultural relations 610 $adiplomacy 610 $aIndology 610 $acolonialism 610 $ainternational relations 610 $acultural relations 615 4$aHistory 615 4$aindianisme 615 4$adiplomatie 615 4$anationalisme 615 4$acolonialisme 615 4$acolonie 615 4$aindépendance de l?Inde 615 4$arelations internationales 615 4$arelations culturelles 615 4$adiplomacy 615 4$aIndology 615 4$acolonialism 615 4$ainternational relations 615 4$acultural relations 700 $aBerthet$b Samuel$01286260 801 0$bFR-FrMaCLE 906 $aBOOK 912 $a9910495987603321 996 $aInde-France (1870-1962) : Enjeux Culturels$93019827 997 $aUNINA